Sustainable development: from concept and theory to operational principles /
Se analiza el desarrollo sostenible, el concepto y teoría de los principios operacionales, básicamente tres: un análisis económico, el uso alternativo de recursos y la discusión de las Naciones Unidas y otras agencias de desarrollo sobre el desarrollo sostenible. HB/hmbq
محفوظ في:
| المؤلف الرئيسي: | |
|---|---|
| التنسيق: | كتاب |
| اللغة: | English |
| الموضوعات: | |
| الوسوم: |
إضافة وسم
لا توجد وسوم, كن أول من يضع وسما على هذه التسجيلة!
|
MARC
| LEADER | 00000nam a22000007a 4500 | ||
|---|---|---|---|
| 003 | cru CIDCACS/IIS | ||
| 005 | 20230718110624.0 | ||
| 008 | 201022s1991 nyu|||p|r||||||0| ||eng|d | ||
| 040 | |c cru CIDCACS/IIS | ||
| 100 | 1 | |9 9677 |a Daly, Herman E | |
| 245 | 1 | |a Sustainable development: |b from concept and theory to operational principles / |c Herman E. Daly | |
| 300 | |a páginas 25-43 | ||
| 520 | |a Se analiza el desarrollo sostenible, el concepto y teoría de los principios operacionales, básicamente tres: un análisis económico, el uso alternativo de recursos y la discusión de las Naciones Unidas y otras agencias de desarrollo sobre el desarrollo sostenible. HB/hmbq | ||
| 650 | 0 | |9 4459 |a DESARROLLO SUSTENTABLE | |
| 650 | 0 | |9 4355 |a ASPECTOS ECONOMICOS | |
| 650 | 0 | |a TEORIA |9 1657 | |
| 651 | 0 | |9 17 |a AMERICA LATINA | |
| 773 | 0 | |0 43319 |9 4978 |a The Population Council |d Nueva York: The Population Council, 1975 |o 23008 |t Population and Development Review / |x 00987921 | |
| 942 | |2 ddc |c PP | ||
| 999 | |c 43450 |d 43450 | ||
